000 01354nam0a22003491 4500
001 v19\rc\1890426
005 20251118180401.9
035 _a(NLR Aleph) 004977983
090 _a6154731
_c6154731
100 _a20251123 rusy50
101 1 _arus
_cger
102 _aRU
105 _ay z |||||
200 1 _aЖенщина
_eЭскизы
_fМария Яничек
_gПер. с нем. Л. Горбуновой
205 _a2-е изд.
210 _aМосква
_c"Польза" В. Антик и К°
_d[191-?]
215 _a104 с.
_d14
225 1 _aУниверсальная библиотека
_v№ 85
300 _aЗагл. ориг.: Vom Weibe; Charakterzeichnungen
300 _aПер. также под загл.: Женские силуэты
316 _aЭкз. РНБ (37.47.10.1(№ 85)): деф.: отсутствуют обл.
_5NLR: 37.47.10.1(№ 85)
451 0 _12001#$aЖенские силуэты
_tЖенские силуэты
454 0 _12001#$aVom Weibe; Charakterzeichnungen
_tVom Weibe; Charakterzeichnungen
700 1 _aЯничек
_bМ.
_f1859-1927
_gМария
702 1 _aГорбунова
_bЛ.
_4730
801 0 _aRU
_bNLR
_gpsbo
801 0 _aRU
_bRuMoRGB
_2psbo
801 1 _aRU
_bProSoft-M
_2rusmarc
852 _aNLR
_j37.47.10.1(№ 85)
899 _aБАН
942 _cBOOK
980 _aNB